LEADER 01360nam a2200229 i 4500 001 000000231000 003 CaOOAMICUS 005 20140703000000.0 008 140703s1880 it u000 u lat u 013 $a209903 040 $aSeMil$bita 245 10$aFr. Tholomaei de Luca ord. praed. s. Thomae Aquinatis olim discipuli deinde episcopi Torcellani Exaemeron :$bseu de opere sex dierum tractatus quem ex vetusto codice bibliothecae Casanatensis in lucem protulit, notisque illustravit p. f. Pius-Thomas Masetti. 260 $aSenis :$bTypographia S. Bernardini,$c1880. 300 $aXVI, 239 p. ;$c25 cm. 490 0 $aBiblioteca tomistica ;$v1 700 1 $aPtolemaeus : Lucensis.$0(OLS)http://semarc/name/79516 700 1 $aMasetti, Pio Tommaso.$0(OLS)http://semarc/name/79515 830 0$aBiblioteca tomistica ;$v1.$0(OLS)http://semarc/title/16201 850 $aSeMil 852 $aSeMil$W1$xVenegono$y1$m2W IV 23 FA$j181346$B181346$CSeMilBibl$Z2$F192214 $8I 996 $6245$aFr. Tholomaei de Luca ord. praed. s. Thomae Aquinatis olim discipuli deinde episcopi Torcellani Exaemeron :$bseu de opere sex dierum tractatus quem ex vetusto codice bibliothecae Casanatensis in lucem protulit, notisque illustravit p. f. Pius-Thomas Masetti$9(OLS)http://semarc/title/329922 996 $6260$aSenis :$bTypographia S. Bernardini$9(OLS)http://semarc/publisher/53851 LEADER 00839nam a2200217 i 4500 001 000000206813 003 CaOOAMICUS 005 20111013000000.0 008 111013s1890 it u000 u ita u 013 $a185587 040 $aSeMil$bita 100 1 $aGraf, Arturo,$c<1848-1913>.$0(OLS)http://semarc/name/7681 245 10$aMedusa /$cArturo Graf. 250 $a3. Ed. accresciuta di un terzo libro, adorna di circa 100 disegni di C. Chessa. 260 $aTorino :$bE. Loescher,$c1890. 300 $a292 p. :$bill. ;$c22 cm. 700 1 $aChessa, Carlo .$0(OLS)http://semarc/name/70608 850 $aSeMil 852 $aSeMil$W1$xVenegono$y1$m1R V 28 FA$j157276$B157276$CSeMilBibl$Z2$F168579 $8I 996 $6245$aMedusa$9(OLS)http://semarc/title/12061 996 $6260$aTorino :$bE. Loescher$9(OLS)http://semarc/publisher/35078